Forbes
সংরক্ষণ করুন:
| বিন্যাস: | গ্রন্থ |
|---|---|
| ভাষা: | Undetermined |
| প্রকাশিত: |
New York
B.C. Forbes & Sons Pub. Co.
2019
|
| বিষয়গুলি: | |
| ট্যাগগুলো: |
ট্যাগ যুক্ত করুন
কোনো ট্যাগ নেই, প্রথমজন হিসাবে ট্যাগ করুন!
|
| Thư viện lưu trữ: | Trung tâm Học liệu Trường Đại học Cần Thơ |
|---|
| LEADER | 00375nam a2200145Ia 4500 | ||
|---|---|---|---|
| 001 | CTU_234232 | ||
| 008 | 210402s9999 xx 000 0 und d | ||
| 082 | |a 330 | ||
| 082 | |b F692 | ||
| 245 | 0 | |a Forbes | |
| 260 | |a New York | ||
| 260 | |b B.C. Forbes & Sons Pub. Co. | ||
| 260 | |c 2019 | ||
| 650 | |a Business,Kinh doanh | ||
| 980 | |a Trung tâm Học liệu Trường Đại học Cần Thơ | ||